00499nam a22001691a 450000100060000000300040000600500170001000800410002702000150006805000190008310000260010224501140012826400230024230000100026550000270027565000270030210788OSt20260204212212.0100309s2004||||ck ||||||b||||||||||spa|| a8475845258 a808.899228 O3m aObiols Suari, Núria aMirando cuentaos lo visible e invisible en las ilustraciones de la literatura infantil / Núria Obiols Suari aColombia : Laertes a317 p aIncluye bibliografía aLiteratura InfantilÌ